| 000 | 00957nam a2200265 a 4500 | ||
|---|---|---|---|
| 001 | 000016870 | ||
| 005 | 20200929164957.0 | ||
| 008 | 100311s1943 sp 001 p spa d | ||
| 040 |
_aDO-SdBNP _bspa _cBNPHU |
||
| 082 |
_a861.2 _bM534La |
||
| 100 | 1 |
_aMena, Juan de, _d1411-1456 _917338 |
|
| 245 | 1 | 3 |
_aEl laberinto de fortuna o las trescientas / _cJuan de Mena ; edición, prólogo y notas de José Manuel Blecua. |
| 246 | 1 | 1 | _aLas trescientas |
| 260 |
_aMadrid : _bEspasa-Calpe, _c1943. |
||
| 300 |
_aciii, 158 p. ; _c18 cm. |
||
| 490 | 1 |
_aClásicos castellanos _v119 |
|
| 500 | _aIncluye índice de nombres propios y de voces comentadas. | ||
| 504 | _aIncluye referencias bibliográficas y notas al pie de las páginas | ||
| 650 | 4 |
_aPoesía española _9631 |
|
| 650 | 4 |
_aLiteratura española _ySIGLO XV _915052 |
|
| 700 | 1 |
_aBlecua, José Manuel, _epról. _915074 |
|
| 830 | 0 |
_aClásicos castellanos ; _v119 _94180 |
|
| 910 | _aWM | ||
| 049 | _aBNGR | ||
| 999 |
_c16402 _d16402 |
||